[Event "Bosnjaci op 27th"]
[Site "Bosnjaci"]
[Date "2023.01.07"]
[Round "7"]
[White "Ljikar, Zoran"]
[Black "Dubrovic, Mihovil"]
[Result "1-0"]
[WhiteElo "2210"]
[BlackElo "1987"]
[PlyCount "89"]
[EventDate "2023.01.03"]
[EventType "swiss"]
[EventRounds "9"]
[EventCountry "CRO"]
[SourceTitle "CBM 212 Extra"]
[Source "ChessBase"]
[SourceDate "2023.03.31"]
[SourceVersion "1"]
[SourceVersionDate "2023.03.31"]
[SourceQuality "1"]

1. d4 Nf6 2. Nc3 e6 3. e4 b6 4. e5 Nd5 5. Nxd5 exd5 6. Bd3 d6 7. f4 dxe5 8. fxe5 Nc6 9. c3 Qh4+ 10. g3 Qe7 11. Nf3 Bb7 12. 0-0 0-0-0 13. Ng5 f6 14. Nxh7 fxe5 15. Bg5 Qd6 16. Bf5+ Kb8 17. Bxd8 Nxd8 18. Nxf8 Rxf8 19. Qg4 Qh6 20. Rae1 exd4 21. cxd4 Qd2 22. Re2 Qb4 23. a3 Qc4 24. Rc2 Qa4 25. Rcf2 Qa5 26. Qxg7 Re8 27. Bd7 Re1 28. Qf8 Rxf1+ 29. Rxf1 a6 30. Qxd8+ Ka7 31. Qxc7 Qd2 32. Qc3 Qg5 33. Kg2 Qe7 34. Bg4 a5 35. b4 a4 36. Bf3 Qh7 37. Rc1 Qh8 38. Qe3 Qg7 39. h4 Qh7 40. h5 Qg7 41. g4 Qf7 42. Kg3 Qd7 43. Qe5 Qb5 44. Be2 Qd7 45. Rc7 1-0

[Event "Bosnjaci op 26th"]
[Site "Bosnjaci"]
[Date "2022.01.06"]
[Round "5"]
[White "Dubrovic, Mihovil"]
[Black "Vujnovic, Patricija"]
[Result "0-1"]
[WhiteElo "1975"]
[BlackElo "2138"]
[PlyCount "60"]
[EventDate "2022.01.03"]
[EventType "swiss"]
[EventRounds "9"]
[EventCountry "CRO"]
[SourceTitle "EXT 2023"]
[Source "ChessBase"]
[SourceDate "2022.10.05"]
[SourceVersion "1"]
[SourceVersionDate "2022.10.05"]
[SourceQuality "1"]

1. e4 c6 2. d3 d5 3. Nd2 e5 4. Ngf3 Bd6 5. g3 Nf6 6. Bg2 0-0 7. 0-0 Re8 8. Re1 Nbd7 9. c3 a5 10. d4 exd4 11. Nxd4 Nc5 12. exd5 Rxe1+ 13. Qxe1 cxd5 14. N2b3 Nd3 15. Qd2 Nxc1 16. Rxc1 a4 17. Na1 Bd7 18. Nac2 a3 19. b3 Bc5 20. Re1 Qc7 21. Ne3 Bc6 22. b4 Bxd4 23. Qxd4 Re8 24. Rd1 h6 25. Qa7 Qe5 26. Qd4 Qh5 27. Nxd5 Bxd5 28. Bxd5 Nxd5 29. g4 Qg5 30. Qxd5 Re1+ 0-1

[Event "CRO-chT2 West"]
[Site "Rijeka"]
[Date "2020.10.11"]
[Round "5.5"]
[White "Baljak, Jadranko"]
[Black "Dubrovic, Mihovil"]
[Result "0-1"]
[WhiteElo "1823"]
[BlackElo "1938"]
[PlyCount "100"]
[EventDate "2020.09.12"]
[EventType "team-tourn"]
[EventRounds "9"]
[EventCountry "CRO"]
[SourceTitle "EXT 2022"]
[Source "ChessBase"]
[SourceDate "2021.10.06"]
[SourceVersion "1"]
[SourceVersionDate "2021.10.06"]
[SourceQuality "1"]
[WhiteTeam "Senj Velebit"]
[BlackTeam "Krk"]
[WhiteTeamCountry "CRO"]
[BlackTeamCountry "CRO"]

1. c4 e5 2. Nc3 Nf6 3. e4 Bb4 4. g3 0-0 5. Bg2 d6 6. Nge2 Bg4 7. 0-0 Qd7 8. d3 Nc6 9. Be3 Bh3 10. f3 Bxg2 11. Kxg2 Nh5 12. g4 Nf6 13. Ng3 Nd4 14. Nd5 Nxd5 15. cxd5 Bc5 16. Qd2 Rac8 17. Nf5 Nxf5 18. gxf5 Bxe3 19. Qxe3 c6 20. dxc6 Rxc6 21. Rac1 Qe7 22. Rxc6 bxc6 23. Rc1 Rc8 24. Rc3 h6 25. Qc1 c5 26. b4 Kh7 27. b5 Rb8 28. a4 Qd8 29. Ra3 Kg8 30. Qd2 Kf8 31. Kg3 Ke8 32. h4 Kf8 33. Rb3 Qd7 34. Qc3 Kg8 35. Qd2 Kh7 36. Qc3 g6 37. fxg6+ fxg6 38. Qc4 Qe7 39. Qc1 g5 40. hxg5 Rg8 41. Qe3 Rxg5+ 42. Kf2 Qe6 43. Rb2 Qh3 44. Re2 Qh1 45. Qxg5 hxg5 46. a5 Qb1 47. b6 axb6 48. axb6 Qxb6 49. Rd2 c4+ 50. Ke2 c3 0-1

[Event "CRO-chT2 West"]
[Site "Rijeka"]
[Date "2020.09.12"]
[Round "1.5"]
[White "Racki, Barbara"]
[Black "Dubrovic, Mihovil"]
[Result "1-0"]
[WhiteElo "1908"]
[BlackElo "1938"]
[PlyCount "89"]
[EventDate "2020.09.12"]
[EventType "team-tourn"]
[EventRounds "9"]
[EventCountry "CRO"]
[SourceTitle "EXT 2022"]
[Source "ChessBase"]
[SourceDate "2021.10.06"]
[SourceVersion "1"]
[SourceVersionDate "2021.10.06"]
[SourceQuality "1"]
[WhiteTeam "Ravna Gora Goranka"]
[BlackTeam "Krk"]
[WhiteTeamCountry "CRO"]
[BlackTeamCountry "CRO"]

1. Nf3 Nf6 2. d3 Nc6 3. Nbd2 e5 4. e4 Bc5 5. Be2 d6 6. 0-0 h6 7. c3 Bb6 8. Qc2 Bg4 9. Nc4 Qd7 10. a4 a6 11. Be3 Ba7 12. Bxa7 Rxa7 13. Ne3 Bxf3 14. Bxf3 0-0 15. g3 Re8 16. Bg2 Raa8 17. h3 Rad8 18. Kh2 Ne7 19. f4 exf4 20. gxf4 d5 21. e5 Nh5 22. d4 g6 23. f5 gxf5 24. Nxf5 Nxf5 25. Rxf5 Ng7 26. Rf6 Re6 27. Raf1 Rxf6 28. Rxf6 Re8 29. h4 Qg4 30. Qf2 Re6 31. Bh3 Qh5 32. Bxe6 fxe6 33. Rf8+ Kh7 34. Rf7 c5 35. Rxb7 cxd4 36. cxd4 Qg4 37. Ra7 h5 38. Rxa6 Nf5 39. Rxe6 Nh6 40. Re7+ Kg8 41. Ra7 Qe4 42. Kg1 Qb1+ 43. Qf1 Qg6+ 44. Qg2 Ng4 45. Qxd5+ 1-0

[Event "Osijek op 12th"]
[Site "Osijek"]
[Date "2019.02.23"]
[Round "5.27"]
[White "Pralija, Marin"]
[Black "Dubrovic, Mihovil"]
[Result "0-1"]
[WhiteElo "1693"]
[BlackElo "1911"]
[PlyCount "50"]
[EventDate "2019.02.21"]
[EventType "swiss"]
[EventRounds "7"]
[EventCountry "CRO"]
[SourceTitle "EXT 2023"]
[Source "ChessBase"]
[SourceDate "2022.10.05"]
[SourceVersion "1"]
[SourceVersionDate "2022.10.05"]
[SourceQuality "1"]

1. d4 Nf6 2. c4 e6 3. a3 b6 4. Nc3 Bb7 5. f3 d5 6. Bg5 Be7 7. e3 Nbd7 8. Bxf6 Nxf6 9. cxd5 Nxd5 10. Nxd5 Qxd5 11. e4 Qh5 12. g3 0-0 13. Be2 c5 14. Rc1 Rfd8 15. Qb3 Rxd4 16. Rd1 Rxd1+ 17. Bxd1 Rd8 18. Ne2 Qe5 19. 0-0 Bf6 20. Qa4 a6 21. b3 h6 22. h4 Kf8 23. Qc4 Qa1 24. Bc2 Qxa3 25. f4 b5 0-1

[Event "Osijek op 12th"]
[Site "Osijek"]
[Date "2019.02.22"]
[Round "3.13"]
[White "Bevanda, Ema"]
[Black "Dubrovic, Mihovil"]
[Result "1-0"]
[WhiteElo "1634"]
[BlackElo "1911"]
[PlyCount "105"]
[EventDate "2019.02.21"]
[EventType "swiss"]
[EventRounds "7"]
[EventCountry "CRO"]
[SourceTitle "EXT 2023"]
[Source "ChessBase"]
[SourceDate "2022.10.05"]
[SourceVersion "1"]
[SourceVersionDate "2022.10.05"]
[SourceQuality "1"]

1. d4 e6 2. Bf4 Nf6 3. e3 b6 4. Nf3 Bb7 5. Nbd2 Be7 6. h3 h6 7. Bd3 d6 8. c3 Nbd7 9. Qe2 g6 10. e4 c5 11. Nc4 Nf8 12. dxc5 bxc5 13. Rd1 d5 14. Nce5 N8d7 15. Bb5 Kf8 16. Nxd7+ Nxd7 17. exd5 exd5 18. 0-0 a6 19. Ba4 Bf6 20. Rfe1 Nb6 21. Bc2 Kg7 22. Qe3 Rc8 23. Ne5 Bg5 24. Bxg5 Qxg5 25. Qxg5 hxg5 26. Nxg6 Rhe8 27. Ne7 Rcd8 28. Nf5+ Kf8 29. Rxe8+ Rxe8 30. Nd6 Re7 31. Nxb7 Rxb7 32. Re1 Re7 33. Rxe7 Kxe7 34. b3 Kf6 35. Kf1 Ke5 36. Ke2 d4 37. cxd4+ Kxd4 38. Kd2 Nd5 39. a3 a5 40. g3 f6 41. h4 Ne7 42. h5 Ng8 43. Bh7 Nh6 44. Bd3 f5 45. f3 f4 46. g4 Ng8 47. Bc4 Nh6 48. a4 Ke5 49. Kd3 Kd6 50. Ke4 Kc6 51. Ke5 Kc7 52. Kf6 Kd6 53. Kxg5 1-0

[Event "CRO-chT2 West"]
[Site "Croatia"]
[Date "2017.10.21"]
[Round "7"]
[White "Sepic, Ante"]
[Black "Dubrovic, Mihovil"]
[Result "0-1"]
[WhiteElo "1874"]
[BlackElo "1931"]
[PlyCount "104"]
[EventDate "2017.03.25"]
[EventType "team-tourn"]
[EventRounds "9"]
[EventCountry "CRO"]
[SourceTitle "EXT 2020"]
[Source "ChessBase"]
[SourceDate "2019.10.17"]
[SourceVersion "1"]
[SourceVersionDate "2019.10.17"]
[SourceQuality "1"]

1. e4 e5 2. Nf3 Nc6 3. Bc4 Bc5 4. 0-0 Nf6 5. Nc3 d6 6. h3 h6 7. a3 g5 8. Nd5 g4 9. Nh2 g3 10. Nxf6+ Qxf6 11. Ng4 Qg6 12. Qf3 Bxg4 13. Qxg4 Qxg4 14. hxg4 Rg8 15. Be2 Bxf2+ 16. Rxf2 gxf2+ 17. Kxf2 Nd4 18. Bd1 Rg6 19. c3 Ne6 20. d3 0-0-0 21. Bf3 Rdg8 22. Be3 Nf4 23. Bxf4 exf4 24. Rh1 Kd7 25. Rh5 Ke7 26. Ra5 a6 27. Rh5 Rh8 28. Rf5 Rf6 29. Rh5 Rg8 30. b4 Rg5 31. Rh1 Kf8 32. Rb1 b6 33. Rb2 c6 34. a4 Re6 35. c4 b5 36. axb5 axb5 37. Ra2 bxc4 38. dxc4 Re7 39. Ra8+ Kg7 40. Rd8 Rb7 41. Rxd6 Rxb4 42. Rxc6 Rb2+ 43. Kg1 Ra5 44. Kh2 Ra1 45. Rd6 Rbb1 46. g3 Rb2+ 47. Kh3 Ra3 48. g5 Rxf3 49. gxh6+ Kh7 50. Kg4 Rxg3+ 51. Kxf4 Rg6 52. Rd7 Kxh6 0-1

[Event "CRO-CupT final"]
[Site "Sibenik"]
[Date "2015.05.24"]
[Round "6.104"]
[White "Dubrovic, Mihovil"]
[Black "Ghersinich, Giuseppe"]
[Result "1-0"]
[WhiteElo "1938"]
[BlackElo "1895"]
[PlyCount "93"]
[EventDate "2015.05.20"]
[EventType "team-swiss"]
[EventRounds "6"]
[EventCountry "CRO"]
[SourceTitle "CBM 166 Extra"]
[Source "ChessBase"]
[SourceDate "2015.06.18"]
[SourceVersion "1"]
[SourceVersionDate "2015.06.18"]
[SourceQuality "1"]
[WhiteTeam "Krk"]
[BlackTeam "Porec Gortan"]
[WhiteTeamCountry "CRO"]
[BlackTeamCountry "CRO"]

1. e4 e6 2. d3 d5 3. Nd2 c5 4. Ngf3 Nc6 5. g3 Bd6 6. Bg2 Nge7 7. 0-0 0-0 8. Re1 Ng6 9. Nf1 d4 10. h4 e5 11. h5 Nge7 12. Nh4 f5 13. exf5 Bxf5 14. h6 g6 15. Nd2 Be6 16. Ne4 Nd5 17. Ng5 Qf6 18. Ne4 Qd8 19. Qe2 Be7 20. c4 dxc3 21. bxc3 Bxh4 22. Nxc5 Nxc3 23. Qc2 Bd5 24. Qxc3 Bxg3 25. fxg3 Bxg2 26. Kxg2 Qd5+ 27. Ne4 Nd4 28. Qc7 Rf7 29. Qd6 Qxd6 30. Nxd6 Rd7 31. Ne4 Rf7 32. Rf1 Rxf1 33. Kxf1 Rf8+ 34. Kg2 Rc8 35. Bg5 Rc2+ 36. Bd2 Kf7 37. Rc1 b6 38. Rxc2 Nxc2 39. Ng5+ Kg8 40. g4 b5 41. Kf3 b4 42. Ke4 a5 43. Kxe5 a4 44. Ne4 b3 45. axb3 axb3 46. Bc3 Nb4 47. Bxb4 1-0

[Event "CRO-CupT final"]
[Site "Sibenik"]
[Date "2015.05.23"]
[Round "5.6"]
[White "Bubalovic, Davorin"]
[Black "Dubrovic, Mihovil"]
[Result "1-0"]
[WhiteElo "2251"]
[BlackElo "1938"]
[PlyCount "69"]
[EventDate "2015.05.20"]
[EventType "team-swiss"]
[EventRounds "6"]
[EventCountry "CRO"]
[SourceTitle "CBM 166 Extra"]
[Source "ChessBase"]
[SourceDate "2015.06.18"]
[SourceVersion "1"]
[SourceVersionDate "2015.06.18"]
[SourceQuality "1"]
[WhiteTeam "Vinkovci"]
[BlackTeam "Krk"]
[WhiteTeamCountry "CRO"]
[BlackTeamCountry "CRO"]

1. e4 e5 2. Nf3 Nc6 3. Bb5 Nge7 4. 0-0 a6 5. Ba4 d6 6. c3 Bd7 7. d4 Ng6 8. d5 Nb8 9. Bxd7+ Nxd7 10. c4 Be7 11. Nc3 0-0 12. Be3 Nh4 13. Nxh4 Bxh4 14. Qd2 f5 15. exf5 Rxf5 16. Qd3 Qf6 17. c5 Nxc5 18. Bxc5 dxc5 19. Ne4 Qf8 20. d6 Rh5 21. dxc7 Qf7 22. g3 Qxc7 23. gxh4 Rxh4 24. f3 Qf7 25. Rf2 Rf8 26. Rd1 Qh5 27. Qd5+ Kh8 28. Qxc5 Rhf4 29. Ng3 Qf7 30. Qxe5 Re8 31. Qd5 Qf8 32. Kg2 h6 33. Qxb7 Qc5 34. Qxa6 h5 35. Qg6 1-0

[Event "CRO-CupT final"]
[Site "Sibenik"]
[Date "2015.05.21"]
[Round "2.12"]
[White "Dubrovic, Mihovil"]
[Black "Takac, Zvonko"]
[Result "1-0"]
[WhiteElo "1938"]
[BlackElo "2017"]
[PlyCount "83"]
[EventDate "2015.05.20"]
[EventType "team-swiss"]
[EventRounds "6"]
[EventCountry "CRO"]
[SourceTitle "CBM 166 Extra"]
[Source "ChessBase"]
[SourceDate "2015.06.18"]
[SourceVersion "1"]
[SourceVersionDate "2015.06.18"]
[SourceQuality "1"]
[WhiteTeam "Krk"]
[BlackTeam "Zagreb Koncar"]
[WhiteTeamCountry "CRO"]
[BlackTeamCountry "CRO"]

1. e4 c5 2. Nf3 a6 3. g3 d6 4. Bg2 Nc6 5. c3 Nf6 6. d3 Bg4 7. h3 Bd7 8. 0-0 e6 9. Re1 Be7 10. Nbd2 0-0 11. Nf1 d5 12. e5 Ne8 13. Bf4 g5 14. Bd2 Kh8 15. Qc1 Rg8 16. N1h2 Rg6 17. c4 Nc7 18. Ng4 Qg8 19. Nf6 Bxf6 20. exf6 h6 21. h4 g4 22. Ne5 Nxe5 23. Rxe5 Rxf6 24. Rh5 Bc6 25. Bf4 Ne8 26. Be5 Qg7 27. Bxf6 Nxf6 28. Rxh6+ Kg8 29. Qf4 Ne8 30. Rh5 Qxb2 31. Qxg4+ Kf8 32. Qd1 Qd4 33. Rc1 Rd8 34. cxd5 exd5 35. Qd2 c4 36. Qh6+ Ng7 37. Rg5 Kg8 38. dxc4 dxc4 39. Bxc6 bxc6 40. Kg2 Re8 41. Rxc4 Qb2 42. Rcg4 1-0

[Event "CRO-CupT final"]
[Site "Sibenik"]
[Date "2015.05.20"]
[Round "1.12"]
[White "Kolic, Vladimir"]
[Black "Dubrovic, Mihovil"]
[Result "0-1"]
[WhiteElo "1569"]
[BlackElo "1938"]
[PlyCount "66"]
[EventDate "2015.05.20"]
[EventType "team-swiss"]
[EventRounds "6"]
[EventCountry "CRO"]
[SourceTitle "CBM 166 Extra"]
[Source "ChessBase"]
[SourceDate "2015.06.18"]
[SourceVersion "1"]
[SourceVersionDate "2015.06.18"]
[SourceQuality "1"]
[WhiteTeam "Djakovo"]
[BlackTeam "Krk"]
[WhiteTeamCountry "CRO"]
[BlackTeamCountry "CRO"]

1. e4 e5 2. Nf3 Nc6 3. Bb5 Nge7 4. c3 d6 5. d4 Bd7 6. 0-0 a6 7. Ba4 h6 8. Be3 Ng6 9. Qe2 Be7 10. d5 Nb8 11. Bxd7+ Nxd7 12. Nbd2 0-0 13. Rfe1 Nf6 14. h3 Qd7 15. Nf1 Nxe4 16. Bxh6 Nxc3 17. bxc3 gxh6 18. Ng3 Nf4 19. Qd2 Bg5 20. Nxg5 hxg5 21. Rab1 b6 22. Re4 f6 23. h4 gxh4 24. Ne2 Qh7 25. Re3 Qxb1+ 26. Kh2 Nxe2 27. Qxe2 Qg6 28. Re4 f5 29. Rxh4 Kf7 30. Qc4 Rac8 31. Qc6 Ke7 32. Kg1 Rg8 33. Rh2 f4 0-1

[Event "CRO-chT2 West"]
[Site "Croatia"]
[Date "2013.04.21"]
[Round "6.25"]
[White "Dubrovic, Mihovil"]
[Black "Sepic, Ante"]
[Result "1-0"]
[WhiteElo "1854"]
[BlackElo "1858"]
[PlyCount "39"]
[EventDate "2013.03.16"]
[EventType "team-tourn"]
[EventRounds "9"]
[EventCountry "CRO"]
[SourceTitle "EXT 2019"]
[Source "ChessBase"]
[SourceDate "2018.10.10"]
[SourceVersion "1"]
[SourceVersionDate "2018.10.10"]
[SourceQuality "1"]
[WhiteTeam "Krk"]
[BlackTeam "Ravna Gora Goranka"]
[WhiteTeamCountry "CRO"]
[BlackTeamCountry "CRO"]

1. e4 c5 2. Nf3 Nc6 3. Bb5 d6 4. 0-0 Bd7 5. Re1 a6 6. Bxc6 Bxc6 7. d4 cxd4 8. Nxd4 g6 9. c3 Bg7 10. Bg5 Qa5 11. Qd2 Nf6 12. Nxc6 bxc6 13. Bh6 Bxh6 14. Qxh6 Rb8 15. Na3 Qc5 16. Re2 Nxe4 17. Rxe4 Rxb2 18. Qe3 Qxa3 19. Rxe7+ Kd8 20. Qa7 1-0

[Event "CRO-chT2 West"]
[Site "Rijeka"]
[Date "2012.10.14"]
[Round "8.36"]
[White "Dubrovic, Mihovil"]
[Black "Milevoj, Cedomir"]
[Result "1/2-1/2"]
[WhiteElo "1857"]
[BlackElo "1929"]
[PlyCount "74"]
[EventDate "2012.03.17"]
[EventType "team-tourn"]
[EventRounds "9"]
[EventCountry "CRO"]
[SourceTitle "EXT 2013"]
[Source "ChessBase"]
[SourceDate "2012.11.22"]
[SourceVersion "1"]
[SourceVersionDate "2012.11.22"]
[SourceQuality "1"]

1. e4 Nf6 2. Nc3 d5 3. exd5 Nxd5 4. Bc4 Nb6 5. Bb3 c5 6. d3 Nc6 7. h3 Bd7 8. Nf3 Nd4 9. 0-0 e6 10. Bf4 Be7 11. Ne4 Bc6 12. Ne5 Bd5 13. c4 Bxe4 14. dxe4 0-0 15. Nf3 Qd7 16. Nxd4 cxd4 17. Qd3 Rfd8 18. e5 Na4 19. Bc2 g6 20. Bxa4 Qxa4 21. Rfd1 Rab8 22. b3 Qa5 23. Qe4 Bb4 24. Bg5 Rd7 25. Rd3 b5 26. Rad1 bxc4 27. Rxd4 Rxd4 28. Qxd4 cxb3 29. axb3 Bc3 30. Bd2 Bxd4 31. Bxa5 Bxe5 32. Rd8+ Rxd8 33. Bxd8 Bd4 34. Kf1 e5 35. Bf6 Kf8 36. f4 Ke8 37. fxe5 Bb6 1/2-1/2

[Event "CRO-chT U20 21st"]
[Site "Topusko"]
[Date "2012.04.05"]
[Round "10.24"]
[White "Muha, Miljenko"]
[Black "Dubrovic, Mihovil"]
[Result "0-1"]
[WhiteElo "1804"]
[BlackElo "1849"]
[PlyCount "70"]
[EventDate "2012.04.01"]
[EventType "team-tourn"]
[EventRounds "11"]
[EventCountry "CRO"]
[SourceTitle "EXT 2013"]
[Source "ChessBase"]
[SourceDate "2012.11.22"]
[SourceVersion "1"]
[SourceVersionDate "2012.11.22"]
[SourceQuality "1"]

1. d4 Nf6 2. c4 e6 3. Nc3 Bb4 4. Qc2 0-0 5. Nf3 b6 6. Bg5 Bb7 7. e3 h6 8. h4 c5 9. Bd3 cxd4 10. exd4 Bxc3+ 11. bxc3 d5 12. cxd5 exd5 13. 0-0-0 Re8 14. Bxf6 Qxf6 15. Ne5 Nc6 16. Nxc6 Qxc6 17. Rh3 b5 18. Rf3 Re7 19. g4 Rae8 20. Rg3 Kh8 21. g5 h5 22. Kb2 Qb6 23. Qb3 Bc6 24. Rdg1 Rb7 25. a3 a5 26. Rb1 Qa7 27. Qa2 Qb8 28. Ka1 Qf4 29. Rh3 b4 30. axb4 axb4 31. Qa6 Qc7 32. Kb2 Ra7 33. cxb4 Rxa6 34. Bxa6 Qb6 35. b5 Bb7 0-1

[Event "Mediterranean op 5th"]
[Site "Rijeka"]
[Date "2011.11.13"]
[Round "3"]
[White "Berke, Ana"]
[Black "Dubrovic, Mihovil"]
[Result "1-0"]
[WhiteElo "2190"]
[BlackElo "1860"]
[PlyCount "157"]
[EventDate "2011.11.11"]
[EventType "swiss"]
[EventRounds "9"]
[EventCountry "CRO"]
[SourceTitle "EXT 2012"]
[Source "ChessBase"]
[SourceDate "2011.11.24"]
[SourceVersion "1"]
[SourceVersionDate "2011.11.24"]
[SourceQuality "1"]

1. e4 e5 2. Nf3 d6 3. d4 exd4 4. Nxd4 Nf6 5. Nc3 Be7 6. Bc4 0-0 7. 0-0 c6 8. a4 a5 9. h3 Re8 10. Re1 Nbd7 11. Bg5 Ne5 12. Bb3 h6 13. Bf4 Ng6 14. Bh2 Bf8 15. Qd2 Ne5 16. Rad1 Qb6 17. f4 c5 18. fxe5 cxd4 19. Qxd4 Qxd4+ 20. Rxd4 dxe5 21. Rd3 Be6 22. Bxe6 Rxe6 23. Nd5 Ne8 24. Rb3 Bc5+ 25. Kf1 b6 26. Bg1 Bxg1 27. Kxg1 Rc8 28. Re2 Rcc6 29. Rc3 Rxc3 30. Nxc3 Rd6 31. Nd5 Kf8 32. g4 Nf6 33. Nc3 Rd4 34. Kf2 Nd7 35. b3 Nc5 36. Kf3 f6 37. Ke3 Kf7 38. Rd2 Rxd2 39. Kxd2 Kg6 40. Ke3 Kg5 41. Nd5 Nd7 42. Kf3 Kh4 43. Kg2 h5 44. Ne3 g6 45. gxh5 Kxh5 46. Kg3 Nc5 47. Kf3 Ne6 48. Nd5 Nd4+ 49. Kg3 f5 50. Nxb6 Nxc2 51. Nc4 Nd4 52. Nxa5 fxe4 53. b4 e3 54. b5 e4 55. Nc4 e2 56. Kf2 Kh4 57. b6 e1Q+ 58. Kxe1 Nc6 59. a5 Nb8 60. Nd2 Kxh3 61. Nxe4 Na6 62. Ke2 Kg4 63. Kd3 Kf5 64. Kd4 Nb8 65. Nd6+ Ke6 66. Kc5 g5 67. Ne4 g4 68. Kb5 Kf5 69. a6 Nxa6 70. Kxa6 Kxe4 71. b7 Kf3 72. b8Q g3 73. Qf8+ Ke2 74. Qe7+ Kf1 75. Qf6+ Kg1 76. Qd4+ Kh2 77. Qh4+ Kg2 78. Kb5 Kf3 79. Qf6+ 1-0

[Event "CRO-ch U19"]
[Site "Topusko"]
[Date "2011.07.28"]
[Round "7"]
[White "Rogosic, Luka"]
[Black "Dubrovic, Mihovil"]
[Result "0-1"]
[WhiteElo "1683"]
[BlackElo "1866"]
[PlyCount "78"]
[EventDate "2011.07.24"]
[EventType "swiss"]
[EventRounds "9"]
[EventCountry "CRO"]
[SourceTitle "EXT 2012"]
[Source "ChessBase"]
[SourceDate "2011.11.24"]
[SourceVersion "1"]
[SourceVersionDate "2011.11.24"]
[SourceQuality "1"]

1. e4 e5 2. Nf3 Nc6 3. Bc4 Bc5 4. c3 Nf6 5. d3 a6 6. b4 Ba7 7. a4 d6 8. Be3 0-0 9. h3 Qe7 10. Bxa7 Rxa7 11. 0-0 Be6 12. Qb3 Nh5 13. Bxe6 fxe6 14. Nbd2 Nf4 15. g3 Nh5 16. b5 Nd8 17. b6 Ra8 18. a5 c6 19. d4 exd4 20. cxd4 Kh8 21. e5 d5 22. Qa3 Qe8 23. Kg2 Nf7 24. Nh2 Ng5 25. f4 Ne4 26. Nxe4 dxe4 27. Qe3 g6 28. Qxe4 Rd8 29. g4 Ng7 30. Nf3 Rd5 31. Nd2 Qe7 32. Nf3 Qb4 33. h4 Rxa5 34. Rxa5 Qxa5 35. h5 Qa2+ 36. Kg3 Nf5+ 37. gxf5 gxf5 38. Qe1 Rg8+ 39. Kh4 Rg4+ 0-1

[Event "Kraljevica ZNG111 op 12th"]
[Site "Kraljevica"]
[Date "2011.02.12"]
[Round "5"]
[White "Brenc, Tomislav"]
[Black "Dubrovic, Mihovil"]
[Result "1/2-1/2"]
[WhiteElo "2052"]
[BlackElo "1852"]
[PlyCount "89"]
[EventDate "2011.02.07"]
[EventType "swiss"]
[EventRounds "7"]
[EventCountry "CRO"]
[SourceTitle "EXT 2019"]
[Source "ChessBase"]
[SourceDate "2018.10.10"]
[SourceVersion "1"]
[SourceVersionDate "2018.10.10"]
[SourceQuality "1"]

1. f4 d5 2. Nf3 Nf6 3. g3 g6 4. Bg2 Bg7 5. 0-0 0-0 6. d3 c6 7. Kh1 Bg4 8. Nbd2 Qc8 9. Qe1 Bh3 10. e4 Bxg2+ 11. Kxg2 dxe4 12. dxe4 e6 13. Nc4 c5 14. Nfe5 Nbd7 15. Bd2 Qc7 16. Rd1 Nxe5 17. Nxe5 Rad8 18. Qe2 Nd7 19. Nc4 Qc6 20. Ba5 b6 21. Rd6 Qb7 22. Rfd1 bxa5 23. Qd3 Bd4 24. c3 Nf6 25. cxd4 Rxd6 26. Nxd6 Qxb2+ 27. Rd2 Qxd4 28. Qxd4 cxd4 29. Rxd4 Rb8 30. Ra4 Rb6 31. e5 Rb2+ 32. Kh3 Nd5 33. Rxa5 Rc2 34. Rxa7 f5 35. exf6 Nxf6 36. Ra8+ Kg7 37. a4 h5 38. Ne8+ Nxe8 39. Rxe8 Ra2 40. Ra8 Kf6 41. a5 e5 42. fxe5+ Kxe5 43. a6 Kf5 44. a7 Kg5 45. Rc8 1/2-1/2

[Event "Mediterranean op-B 4th"]
[Site "Rijeka"]
[Date "2010.11.19"]
[Round "8"]
[White "Pejic, Irving"]
[Black "Dubrovic, Mihovil"]
[Result "1-0"]
[WhiteElo "2116"]
[BlackElo "1856"]
[PlyCount "81"]
[EventDate "2010.11.13"]
[EventType "swiss"]
[EventRounds "9"]
[EventCountry "CRO"]
[SourceTitle "EXT 2011"]
[Source "ChessBase"]
[SourceDate "2010.11.26"]
[SourceVersion "1"]
[SourceVersionDate "2010.11.26"]
[SourceQuality "1"]

1. e4 e5 2. Nf3 Nc6 3. Bb5 Nge7 4. 0-0 d6 5. d4 Bd7 6. c3 Ng6 7. Nbd2 Be7 8. Re1 0-0 9. Nf1 Bf6 10. h3 Nce7 11. Bc4 h6 12. Ng3 Nh4 13. dxe5 Nxf3+ 14. Qxf3 Bxe5 15. Be3 Ng6 16. Qh5 Qf6 17. Nf5 Bf4 18. Qxg6 Qxg6 19. Ne7+ Kh7 20. Nxg6 fxg6 21. Bd5 c6 22. Bb3 Bxe3 23. Rxe3 Rad8 24. Rd1 Bc8 25. Red3 Rfe8 26. f3 d5 27. exd5 cxd5 28. Bxd5 Re2 29. R3d2 Rxd2 30. Rxd2 Be6 31. c4 b5 32. b3 bxc4 33. bxc4 Bxd5 34. Rxd5 Rc8 35. c5 Rc6 36. Kf2 Kg8 37. Ke3 Kf8 38. Re5 Ra6 39. Kd3 Rxa2 40. c6 Ra6 41. Rc5 1-0

[Event "CRO-ch U17"]
[Site "Bjelolasica"]
[Date "2010.07.28"]
[Round "5"]
[White "Dubrovic, Mihovil"]
[Black "Vujec, Ivan"]
[Result "0-1"]
[WhiteElo "1866"]
[BlackElo "2017"]
[PlyCount "120"]
[EventDate "2010.07.25"]
[EventType "swiss"]
[EventRounds "9"]
[EventCountry "CRO"]
[SourceTitle "CBM 137 Extra"]
[Source "ChessBase"]
[SourceDate "2010.09.01"]
[SourceVersion "1"]
[SourceVersionDate "2010.09.01"]
[SourceQuality "1"]

1. e4 c6 2. d3 d5 3. Nd2 e5 4. Ngf3 Bd6 5. Qe2 Qe7 6. d4 f6 7. dxe5 Bxe5 8. exd5 cxd5 9. Nxe5 Qxe5 10. Nf3 Qxe2+ 11. Bxe2 Ne7 12. Bf4 0-0 13. Bxb8 Rxb8 14. 0-0-0 Be6 15. Nd4 Bf7 16. Bg4 Nc6 17. Be6 Bxe6 18. Nxe6 Rfe8 19. Nf4 d4 20. Rhe1 Kf7 21. h4 Rbc8 22. a3 Re5 23. Nd3 Rd5 24. Re2 Ne5 25. Nb4 Rd7 26. Kb1 a5 27. Nd3 Nc6 28. Red2 Rd5 29. Ne1 Rcd8 30. Nf3 Ke6 31. g4 b5 32. Ne1 b4 33. a4 Ne5 34. Nd3 Nxd3 35. Rxd3 Ke5 36. Re1+ Kf4 37. f3 Re5 38. Red1 Re3 39. Rxd4+ Rxd4 40. Rxd4+ Kxf3 41. g5 fxg5 42. hxg5 Re5 43. Rh4 Rxg5 44. Rxh7 g6 45. Rb7 Re5 46. Rb5 Ke4 47. c4 bxc3 48. Rb8 cxb2 49. Kxb2 g5 50. Kc2 g4 51. Kd2 Rd5+ 52. Ke2 Rd4 53. Re8+ Kd5 54. Rd8+ Kc5 55. Rb8 Rxa4 56. Kf2 Rb4 57. Ra8 a4 58. Kg3 Rc4 59. Rb8 a3 60. Rb1 a2 0-1